Managing human resources (Record no. 3594)

MARC details
005 - DATE AND TIME OF LATEST TRANSACTION
control field 20250610110349.0
020 ## - INTERNATIONAL STANDARD BOOK NUMBER
International Standard Book Number 0-13-011333-6
082 ## - DEWEY DECIMAL CLASSIFICATION NUMBER
Classification number LECT 658.3 GOM
100 ## - MAIN ENTRY--PERSONAL NAME
Author name GOMEZ, L. R.
245 ## - TITLE STATEMENT
Title Managing human resources
250 ## - EDITION STATEMENT
Edition statement 3rd Ed.
260 ## - PUBLICATION, DISTRIBUTION, ETC.
Place of publication, distribution, etc. New Jersey,
Name of publisher, distributor, etc. Prentice Hall,
Date of publication, distribution, etc. 2001.
300 ## - PHYSICAL DESCRIPTION
Extent xxviii, 621p.: ill.; figure, graph, picture, table.
Other physical details Index,
Dimensions 28cm.
700 ## - ADDED ENTRY--PERSONAL NAME
Other authors/Editors BALKIN, D. B. & CARDY, R. L.
856 ## - ELECTRONIC LOCATION AND ACCESS
Link text Access online book
Electronic name Managing human resources
Path www.prenhall.com/gomez
942 ## - ADDED ENTRY ELEMENTS (KOHA)
Source of classification or shelving scheme Dewey Decimal Classification
Koha item type Books
Holdings
Date last seen Total checkouts Full call number Barcode Cost, replacement price Price effective from Koha item type Lost status Source of classification or shelving scheme Damaged status Not for loan Withdrawn status Home library Current library Shelving location Date acquired Cost, normal purchase price
06/10/2025   LECT 658.3 GOM 00000012463 180000.00 06/10/2025 Books   Dewey Decimal Classification       College of Business Education Main Library College of Business Education Main Library General Collection 11/28/2014 60000.00